|
|
|
|
| LEADER |
00000nas a2200000 a 4500 |
| 001 |
ssj0012478 |
| 003 |
WaSeSS |
| 005 |
20200512172242.0 |
| 006 |
m d |
| 007 |
cr n |
| 008 |
000619c19459999dcumr p s f0 a0eng |
| 010 |
|
|
|a 2002230220
|
| 022 |
|
|
|a 2164-7968
|y 0002-5577
|
| 035 |
|
|
|a (WaSeSS)ssj0012478
|
| 037 |
|
|
|a 708-009-00000-8
|b Paper subscription available from: Supt. of Docs., U.S. Govt. Print. Off., Washington, D.C. 20402
|
| 040 |
|
|
|a GAO
|b eng
|c GAO
|d GPO
|d OCLCQ
|d GPO
|d OCLCQ
|d GPO
|d DLC
|d GPO
|d OCLCQ
|d GPO
|d OCLCF
|d OCLCQ
|d GILDS
|d OCLCA
|d NTG
|d OCLCO
|d FUG
|d WaSeSS
|
| 042 |
|
|
|a pcc
|a nsdp
|
| 043 |
|
|
|a n-us---
|
| 074 |
|
|
|a 0401 (online)
|
| 082 |
1 |
0 |
|a 359
|2 14
|
| 086 |
0 |
|
|a D 207.17:
|
| 130 |
0 |
|
|a All hands (Washington, D.C. : Online)
|
| 222 |
|
0 |
|a All hands
|b (Washington, D.C. Online)
|
| 245 |
1 |
0 |
|a All hands
|h [electronic resource] :
|b magazine of the U.S. Navy.
|
| 246 |
1 |
|
|i Subtitle:
|a Magazine of the U.S. Navy
|
| 260 |
|
|
|a Naval Station Anacostia, Washington, D.C. :
|b Naval Media Center, Pub. Division,
|c 1945-
|
| 260 |
3 |
|
|3 <2018- >:
|a Fort George G. Meade, Maryland :
|b Defense Media Activity, Navy Production Department
|
| 310 |
|
|
|a Monthly
|
| 362 |
1 |
|
|a Print began with no. 339 (June 1945); and ceased with no. 1135 (Oct. 2011), online only as of January 2018.
|
| 500 |
|
|
|a Some volumes distributed to depository libraries in a print version, ending with issue for Mar. 2001.
|
| 500 |
|
|
|a On hiatus from 2011 (no. 1135) to 2018.
|
| 506 |
|
|
|a License restrictions may limit access.
|
| 515 |
|
|
|a Jan. issue called: Owner's and operator's manual.
|
| 516 |
8 |
|
|a PDF and/or Macromedia Flash formats.
|
| 538 |
|
|
|a Mode of access: Internet at the Navy Chief of Information web site. Address as of 10/25/01: http://www.chinfo.navy.mil/navpalib/allhands/ah-top.html; current access is available via PURL.
|
| 588 |
|
|
|a Description based on: Jan. 1997; title from caption (viewed June 19, 2000).
|
| 588 |
|
|
|a Latest issue consulted: Volume 67, number 06 (November/December 2018), viewed July 23, 2019.
|
| 610 |
1 |
0 |
|a United States.
|b Navy
|v Periodicals.
|
| 610 |
1 |
7 |
|a United States.
|b Navy.
|2 fast
|0 (OCoLC)fst00533204
|
| 655 |
|
0 |
|a Electronic journals.
|
| 710 |
1 |
|
|a United States.
|b Navy.
|
| 710 |
2 |
|
|a Naval Media Center (U.S.).
|b Publishing Division.
|
| 776 |
0 |
8 |
|i Print version, -2011:
|t All hands (Washington, D.C.)
|x 0002-5577
|w (DLC) 43037008
|w (OCoLC)2555618
|
| 856 |
4 |
0 |
|z Full text available from Research Library: 12/01/1997 to 10/31/2011
|u https://search.proquest.com/publication/47527
|